Normal view
MARC view
- Archa Devarajan
Entry Personal Name
001 - CONTROL NUMBER
- control field: 3438
003 - CONTROL NUMBER IDENTIFIER
- control field: OSt
005 - DATE AND TIME OF LATEST TRANSACTION
- control field: 20180929114414.0
008 - FIXED-LENGTH DATA ELEMENTS
- fixed length control field: 180929|| aca||aabn | a|a d
040 ## - CATALOGING SOURCE
- Original cataloging agency: OSt
- Transcribing agency: OSt
100 ## - HEADING--PERSONAL NAME
- Personal name: Archa Devarajan
670 ## - SOURCE DATA FOUND
- Source citation: Work cat.: (OSt)15140: AISWARYA M. V 3437, A study of the dringking water supply system in K.C.A.E.T campus - problems and solutions
